Basketteurs en M (2000-2025) - Statistiques

Statistiques générales
  • Ce quiz a été pris 55 fois
  • Le résultat moyen est 19 sur 40
Statistiques - réponses
Par images Réponse % Correct
Jamal Murray
94%
Yao Ming
94%
Ja Morant
92%
Donovan Mitchell
88%
Lauri Markkanen
88%
Reggie Miller
88%
Tyrese Maxey
88%
CJ McCollum
73%
Karl Malone
73%
Khris Middleton
73%
Bennedict Mathurin
71%
Boban Marjanovic
71%
Evan Mobley
69%
Patty Mills
65%
Marcus Morris Sr
60%
JaVale McGee
58%
TJ McConnell
58%
Malik Monk
56%
Jared McCain
54%
Dikembe Mutombo
52%
Trey Murphy III
52%
Jaden McDaniels
42%
Shawn Marion
38%
Moses Moody
31%
Stephon Marbury
31%
Terance Mann
31%
Paul Millsap
29%
Alonzo Mourning
23%
Greg Monroe
23%
Naji Marshall
19%
Yves Missi
15%
De'Anthony Melton
13%
Wesley Matthews
13%
Nazr Mohammed
10%
Corey Maggette
8%
Darko Milicic
8%
Kevin Martin
8%
Antonio McDyess
6%
Jamaal Magloire
6%
OJ Mayo
6%
Aucun quiz correspondant
Distribution des résultats
% des personnes avec chaque résultat
Percentile par nombre de réponses
Votre historique - résultats
Vous n’avez pas pris ce quiz